Statistics for Rudolph the Red-Nosed Reindeer

Click here to take the quiz!

General Stats

  • This quiz has been taken 31,425 times
    (30,911 since last reset)
  • The average score is 59 of 75

Answer Stats

Lyric % Correct
nose
99%
the
99%
a
99%
red
99%
Rudolph
99%
reindeer
99%
shiny
95%
had
95%
you
95%
very
94%
and
93%
Eve
92%
Santa
91%
to
91%
say
90%
all
90%
it
89%
him
89%
Christmas
88%
saw
87%
if
87%
other
87%
would
86%
with
85%
bright
85%
sleigh
85%
of
85%
came
84%
tonight
84%
so
84%
one
84%
my
83%
then
83%
nosed
83%
your
82%
in
82%
glows
82%
do
82%
even
81%
ever
81%
won't
81%
call
80%
laugh
80%
names
80%
foggy
79%
guide
78%
used
78%
games
77%
they
77%
poor
76%
let
75%
go
74%
history
73%
any
72%
down
71%
loved
70%
join
70%
never
70%
glee
70%
you'll
67%
out
66%
shouted
66%
Prancer
60%
Dancer
60%
know
60%
Blitzen
58%
Dasher
57%
but
57%
Vixen
56%
Comet
55%
Cupid
55%
Donner
55%
most
54%
famous
52%
recall
47%

Score Distribution

Percentile by Number Answered

Percent of People with Each Score

Your Score History

You have not taken this quiz since the last reset